| 000 | 01544cam a2200289 4500 | ||
|---|---|---|---|
| 002 | ##7065 | ||
| 008 | #DATE n2003 000 0 eng u | ||
| 020 | _a1842191446 | ||
| 035 | _a(Sirsi) u121747 | ||
| 041 | 0 | _aeng | |
| 050 | _a333.337 $2 18 | ||
| 110 | 2 |
_aRoyal Institution of Chartered Surveyors _bValuation Faculty _94354 |
|
| 245 | 0 | 0 |
_aCapital and rental valuation of petrol filling stations in England, Wales and Scotland _bValuation Information Paper No. 3 |
| 260 |
_aCoventry _bRICS _c2003 |
||
| 300 |
_av, 11p. _c30cm. |
||
| 490 | 0 | _aRICS Information Paper | |
| 490 | 0 |
_aRICS Valuation Information Paper _v(03) |
|
| 505 | 2 | _aValuations of petrol filling stations fully equiped as operational entities -- Valuation of non-operational petrol filling stations and land having trading potential -- Valuations for loan security purposes -- Other property -- Confidentiality | |
| 520 | _aOut of date, archived 13/04/2015. | ||
| 520 | _aAlthough not intended to be fully comprehensive, considers the general approach to be adopted for capital or rental valuation of petrol filling stations. | ||
| 650 | 2 | 4 | _aRICS appraisal and valuation standards |
| 651 | 4 |
_aUnited Kingdom _y |
|
| 690 | _aPROPERTY-INFRASTRUCTURE-ROAD INFRASTRUCTURE | ||
| 710 | 2 |
_aRoyal Institution of Chartered Surveyors _bTrading Related Valuation Group _94457 |
|
| 856 | 4 | 1 |
_uhttps://www.rics.org/Global/Downloads/3_CapitalRentalValPetrolStations_EngWalesScot_03.pdf _z _zView this item (members-only content) free of charge at www.rics.org... |
| 942 | _n0 | ||
| 999 |
_c102723 _d102723 |
||